Prínosy a straty spôsobené vytváraním konsignačných skladov v distribučnom reťazci, ich meranie a hodnotenie

Konsignačný sklad v distribučnom reťazci. Spôsob fungovania dodávky tovaru cez konsignačný sklad. Konsignačný sklad z pohľadu odberateľa. Konsignačný sklad z pohľadu dodávateľa. Spôsoby hodnotenia konsignačného skladu. Návrhy riešenia v oblasti konsignačných skladov.

Guardado en:
Detalles Bibliográficos
Autor principal: Mruškovičová, Juliana
Otros Autores: Svátek, Michal
Formato: Capítulo de libro
Lenguaje:eslovaco
Materias:
Etiquetas: Agregar Etiqueta
Sin Etiquetas, Sea el primero en etiquetar este registro!

MARC

LEADER 00000nla a2200000 4500
001 0226009
005 20240502083604.4
041 0 |a slo 
044 |a CZ 
245 1 0 |a Prínosy a straty spôsobené vytváraním konsignačných skladov v distribučnom reťazci, ich meranie a hodnotenie  |c Juliana Mruškovičová, Michal Svátek 
520 |a Konsignačný sklad v distribučnom reťazci. Spôsob fungovania dodávky tovaru cez konsignačný sklad. Konsignačný sklad z pohľadu odberateľa. Konsignačný sklad z pohľadu dodávateľa. Spôsoby hodnotenia konsignačného skladu. Návrhy riešenia v oblasti konsignačných skladov. 
610 2 0 |a sklady konsignačné 
610 2 0 |a skladovanie 
610 2 0 |a reťazce distribučné 
610 2 0 |a dodávatelia 
610 2 0 |a odberatelia 
610 2 0 |a tovar 
610 2 0 |a optimalizácia 
610 2 0 |a preprava 
610 2 0 |a náklady 
100 1 |a Mruškovičová, Juliana 
700 1 |a Svátek, Michal